| 000 | 00555nam a22002057a 4500 | ||
|---|---|---|---|
| 005 | 20260515114943.0 | ||
| 008 | 230601b ||||| |||| 00| 0 eng d | ||
| 020 | _a9788192838229 | ||
| 040 |
_aIN-DiNC _cIN-DiNC |
||
| 041 | _dasm | ||
| 082 |
_a891.4513 _bDAS |
||
| 100 |
_aDas, Dalim _eauthor |
||
| 245 |
_aHari Jadu Madhu/ _cby Dalim Das |
||
| 250 | _a2nd ed. | ||
| 260 |
_aMirja: _bRoudra kamona prakashan, _c2017. |
||
| 300 | _a152p. | ||
| 650 | _aAssamese short stories | ||
| 650 | _aMuneen Barkataky award winning story book | ||
| 942 |
_2ddc _cBK |
||
| 999 |
_c11528 _d11528 |
||